Catálogo
 En Linea

Sin telescopio : (Registro nro. 32448)

Detalles MARC
000 -CABECERA
campo de control de longitud fija 00565nam a2200157 a 4500
001 - NÚMERO DE CONTROL
campo de control 000032957
005 - FECHA Y HORA DE LA ÚLTIMA TRANSACCIÓN
campo de control 20240301192839.0
008 - DATOS DE LONGITUD FIJA--INFORMACIÓN GENERAL
campo de control de longitud fija 110804d1902 dr 000 0 spa d
040 ## - FUENTE DE LA CATALOGACIÓN
Centro catalogador/agencia de origen DO-SdBNP
Lengua de catalogación spa
Centro/agencia transcriptor BNPHU
082 ## - NÚMERO DE LA CLASIFICACIÓN DECIMAL DEWEY
Número de clasificación xxx
Número de documento/Ítem G277s
100 1# - ENTRADA PRINCIPAL--NOMBRE DE PERSONA
Nombre de persona Gautreau, Eduardo
9 (RLIN) 58700
245 10 - MENCIÓN DE TÍTULO
Título Sin telescopio :
Resto del título Urano, las trombas marinas &a /
Mención de responsabilidad, etc. Eduardo Gautreau ; prólogo de Manuel de Jesús Galván.
260 ## - PUBLICACIÓN, DISTRIBUCIÓN, ETC.
Lugar de publicación, distribución, etc. Santo Domingo :
Nombre del editor, distribuidor, etc. Tip. Nacional,
Fecha de publicación, distribución, etc. 1902.
300 ## - DESCRIPCIÓN FÍSICA
Extensión 32 p. ;
Dimensiones 21 cm.
700 1# - PUNTO DE ACCESO ADICIONAL--NOMBRE DE PERSONA
Nombre de persona Galván, Manuel de J.
Forma completa/desarrollada del nombre (Manuel de Jesús)
Fechas asociadas al nombre 1834-1910
Término indicativo de función/relación pról.
9 (RLIN) 28507
Existencias
Estado de retiro Estado de pérdida Restricciones de uso No para préstamo Código de colección Localización permanente Ubicación/localización actual Ubicación en estantería Fecha de adquisición Número de inventario Total de préstamos Signatura topográfica completa Código de barras Fecha visto por última vez Precio válido a partir de Tipo de ítem Koha Nota pública Número de copia
      Excluido de préstamo Raros y valiosos Patrimonio Dominicano Patrimonio Dominicano Depósito 04.08.2011 LF1   xxx G277s 32957-10 25.06.2020 25.06.2020 No se presta Perteneció a la biblioteca personal de Carlos Larrazabal Blanco  
      Excluido de préstamo Raros y valiosos Patrimonio Dominicano Patrimonio Dominicano En catalogación 12.08.2011 LF1   xxx G277s 32957-20 25.06.2020 25.06.2020 No se presta Perteneció a la biblioteca personal de Carlos Larrazabal Blanco e. 2

Con tecnología Koha